00412nam a2200181Ia 4500008004100000020001800041050001400059100001500073245002700088245001500115260001500130260001600145260000900161300001500170300002700185300001000212500000800222170918s9999 xx 000 0 und d a9780439844130 bE925 2006 aEvans, Eli aBike boy's scrapbook / cEli Evans. aNew York : bScholastic, c2006 a16 pages : bcolored illustration ; c19cm. a440